|
|
|
|
| LEADER |
00000nam0a2200000 4500 |
| 001 |
308726 |
| 005 |
20231102002124.0 |
| 020 |
|
|
|a RU
|b 81-87989
|
| 035 |
|
|
|a (RuTPU)RU\TPU\book\334047
|
| 090 |
|
|
|a 308726
|
| 100 |
|
|
|a 20151105d1981 k y0rusy5003 ca
|
| 101 |
0 |
|
|a rus
|
| 102 |
|
|
|a LT
|
| 105 |
|
|
|a y z 100zy
|
| 200 |
1 |
|
|a Тезисы докладов XI конференции молодых ученых и специалистов Прибалтики и БССР по проблемам строительных материалов и конструкций, г. Вильнюс, 2-4 декабря, 1981 г.
|f Всесоюзный научно-исследовательский институт теплоизоляционных и акустических строительных материалов и изделий (ВНИИТеплоизоляция) ; Всесоюзное химическое общество им. Д. И. Менделеева (ВХО)
|
| 210 |
|
|
|a Вильнюс
|c Изд-во ВНИИтеплоизоляция
|d 1981
|
| 215 |
|
|
|a 175 с.
|
| 606 |
1 |
|
|a Строительные материалы
|2 stltpush
|3 (RuTPU)RU\TPU\subj\57441
|9 75303
|
| 610 |
1 |
|
|a строительство
|
| 610 |
1 |
|
|a строительные конструкции
|
| 610 |
1 |
|
|a строительное производство
|
| 610 |
1 |
|
|a физико-химические свойства
|
| 610 |
1 |
|
|a технико-экономические расчеты
|
| 610 |
1 |
|
|a строительные материалы
|
| 610 |
1 |
|
|a коррозионная устойчивость
|
| 610 |
1 |
|
|a морозоустойчивость
|
| 610 |
1 |
|
|a бетонные конструкции
|
| 610 |
1 |
|
|a тезисы докладов
|
| 675 |
|
|
|a 691(063)
|v 4
|
| 712 |
0 |
2 |
|a Всесоюзный научно-исследовательский институт теплоизоляционных и акустических строительных материалов и изделий (ВНИИТеплоизоляция)
|c (Вильнюс)
|2 stltpush
|3 (RuTPU)RU\TPU\col\20394
|
| 712 |
0 |
2 |
|a Всесоюзное химическое общество им. Д. И. Менделеева (ВХО)
|c (Москва)
|c (1932-1991)
|2 stltpush
|3 (RuTPU)RU\TPU\col\12594
|
| 712 |
1 |
2 |
|a Конференция молодых ученых и специалистов Прибалтики и БССР по проблемам строительных материалов и конструкций
|c конференция
|d 11
|e Вильнюс
|f 1981
|4 570
|
| 801 |
|
0 |
|a RU
|b RuMRKP
|c 19950704
|g psbo
|
| 801 |
|
1 |
|a RU
|b 63413507
|c 20151105
|
| 801 |
|
2 |
|a RU
|b 63413507
|c 20171016
|g RCR
|
| 942 |
|
|
|c BK
|